Petit Bac (Géographie) - Lettre Z - Statistiques

Statistiques générales
  • Ce quiz a été pris 139 fois
  • Le résultat moyen est 4 sur 12
Statistiques - réponses
Hint Réponse % Correct
Pays Zambie / Zimbabwe
100%
Capitale Zagreb
70%
Ancien pays africain Zaïre
58%
Fleuve Zambèze / Zrmanja / Zab / Zulia / Zumkeller +14
50%
Canton suisse Zurich / Zoug
48%
Province des Pays-Bas Zélande
26%
Station de ski suisse Zermatt / Zinal / Zuoz
24%
Ville des Pays-Bas de plus de 50 000 habitants Zwolle / Zaanstad / Zoetermeer
13%
Ville française Zincourt / Zinswiller / Zeinheim / Zellenberg / Zilling +29
12%
Sommet européen de plus de 1 500 mètres Zugspitze / Zirbitzkogel
6%
Ville chinoise de plus de 1 million habitants Zhengzhou
4%
Ville allemande de plus de 50 000 habitants Zahna / Zeitz / Zierenberg / Zwickau / Zwiesel +24
3%
Aucun quiz correspondant
Distribution des résultats
% des personnes avec chaque résultat
Percentile par nombre de réponses
Votre historique - résultats
Vous n’avez pas pris ce quiz